| 000 | 00395nam a2200133Ia 4500 | ||
|---|---|---|---|
| 008 | 220204s9999 xx 000 0 und d | ||
| 082 |
_a631.8:591.9 _bMAR |
||
| 100 | _aMARSHALL, V G | ||
| 245 | 0 | _aEffects of manures and fertilizers of soil fauna: A review | |
| 260 |
_aEngland _bCAB _c1977 |
||
| 490 | _aCommonwealth Bureau of soils, publication; no 3 | ||
| 650 | _aFaunal manures | ||
| 942 | _cBK | ||
| 999 |
_c28694 _d28694 |
||